<?xml version="1.0" encoding="UTF-8"?>
<record
    xmlns:xsi="http://www.w3.org/2001/XMLSchema-instance"
    xsi:schemaLocation="http://www.loc.gov/MARC21/slim http://www.loc.gov/standards/marcxml/schema/MARC21slim.xsd"
    xmlns="http://www.loc.gov/MARC21/slim">

  <leader>02452nam a2200265Ia 4500</leader>
  <controlfield tag="003">OSt</controlfield>
  <controlfield tag="005">20241017161718.0</controlfield>
  <controlfield tag="008">200731s9999    xx            000 0 und d</controlfield>
  <datafield tag="020" ind1=" " ind2=" ">
    <subfield code="a">7802541727</subfield>
  </datafield>
  <datafield tag="020" ind1=" " ind2=" ">
    <subfield code="a">9787802541726</subfield>
  </datafield>
  <datafield tag="040" ind1=" " ind2=" ">
    <subfield code="c">0</subfield>
  </datafield>
  <datafield tag="041" ind1=" " ind2=" ">
    <subfield code="a">chi</subfield>
  </datafield>
  <datafield tag="050" ind1=" " ind2=" ">
    <subfield code="a">BR155</subfield>
    <subfield code="b">.Y838 2009</subfield>
  </datafield>
  <datafield tag="100" ind1=" " ind2=" ">
    <subfield code="a">&#x4E50;&#x5CF0; </subfield>
  </datafield>
  <datafield tag="245" ind1=" " ind2=" ">
    <subfield code="a">&#x57FA;&#x7763;&#x6559;&#x77E5;&#x8BC6;&#x95EE;&#x7B54;</subfield>
    <subfield code="b"> /</subfield>
    <subfield code="c">&#x4E50;&#x5CF0;, &#x6587;&#x5EB8;&#x8457;</subfield>
  </datafield>
  <datafield tag="246" ind1=" " ind2=" ">
    <subfield code="a">&#x57FA;&#x7763;&#x6559;&#x77E5;&#x8B58;&#x554F;&#x7B54;</subfield>
  </datafield>
  <datafield tag="250" ind1=" " ind2=" ">
    <subfield code="a">rev.ed.</subfield>
  </datafield>
  <datafield tag="260" ind1=" " ind2=" ">
    <subfield code="a">&#x5317;&#x4EAC;:</subfield>
    <subfield code="b">&#x5B97;&#x6559;&#x6587;&#x5316;&#x51FA;&#x7248;&#x793E;, </subfield>
    <subfield code="c">2009</subfield>
  </datafield>
  <datafield tag="300" ind1=" " ind2=" ">
    <subfield code="a">7, 41, 473 p. :</subfield>
    <subfield code="b">col ill. ;</subfield>
    <subfield code="c">24 cm.</subfield>
  </datafield>
  <datafield tag="505" ind1=" " ind2=" ">
    <subfield code="a">&#xB7;&#x81EA;&#x5E8F;

&#x57FA;&#x7763;&#x6559;&#x662F;&#x4E16;&#x754C;&#x4E0A;&#x4FE1;&#x5F92;&#x4EBA;&#x6570;&#x6700;&#x591A;&#x3001;&#x4F20;&#x64AD;&#x5730;&#x533A;&#x6700;&#x5E7F;&#x3001;&#x793E;&#x4F1A;&#x5F71;&#x54CD;&#x6700;&#x5927;&#x7684;&#x5B97;&#x6559;&#x3002;&#x8FD1;2000&#x5E74;&#x6765;&#xFF0C;&#x5B83;&#x4F5C;&#x4E3A;&#x4E00;&#x79CD;&#x793E;&#x4F1A;&#x4E0A;&#x5C42;&#x5EFA;&#x7B51;&#xFF0C;&#x6E17;&#x5165;&#x5230;&#x4EBA;&#x7C7B;&#x793E;&#x4F1A;&#x7684;&#x6BCF;&#x4E00;&#x4E2A;&#x89D2;&#x843D;&#xFF0C;&#x5728;&#x5404;&#x4E2A;&#x65B9;&#x9762;&#x90FD;&#x7559;&#x4E0B;&#x4E86;&#x81EA;&#x5DF1;&#x7684;&#x70D9;&#x5370;&#x3002;&#x6709;&#x4EBA;&#x8BF4;&#xFF0C;&#x897F;&#x65B9;&#x6587;&#x5316;&#x5728;&#x67D0;&#x79CD;&#x7A0B;&#x5EA6;&#x4E0A;&#x5C31;&#x662F;&#x57FA;&#x7763;&#x6559;&#x6587;&#x5316;&#xFF0C;&#x8FD9;&#x4E0D;&#x662F;&#x6CA1;&#x6709;&#x9053;&#x7406;&#x7684;&#xFF0C;&#x56E0;&#x4E3A;&#x4ECE;&#x4E2D;&#x4E16;&#x7EAA;&#x8D77;&#xFF0C;&#x57FA;&#x7763;&#x6559;&#x795E;&#x5B66;&#x5C31;&#x7EDF;&#x6CBB;&#x4E86;&#x897F;&#x6B27;&#xFF0C;&#x6210;&#x4E3A;&#x6B27;&#x6D32;&#x6587;&#x5316;&#x7684;&#x4E3B;&#x8981;&#x7CBE;&#x795E;&#x652F;&#x67F1;&#x3002;&#x897F;&#x65B9;&#x4EBA;&#x6D53;&#x539A;&#x7684;&#x5B97;&#x6559;&#x610F;&#x8BC6;&#x4E0E;&#x5FC3;&#x6001;&#xFF0C;&#x4E0D;&#x8BBA;&#x662F;&#x5BF9;&#x5185;&#x7684;&#x81EA;&#x7701;&#x8FD8;&#x662F;&#x5BF9;&#x5916;&#x7684;&#x5F00;&#x62D3;&#xFF0C;&#x90FD;&#x53EF;&#x4EE5;&#x5728;&#x57FA;&#x7763;&#x6559;&#x4E2D;&#x627E;&#x5230;&#x6839;&#x6E90;&#x3002;&#x76F4;&#x5230;&#x73B0;&#x5728;&#xFF0C;&#x5B83;&#x4ECD;&#x7136;&#x652F;&#x914D;&#x7740;&#x5168;&#x4E16;&#x754C;&#x7EA6;45&#x4EBF;&#x57FA;&#x7763;&#x5F92;&#x7684;&#x7CBE;&#x795E;&#x751F;&#x6D3B;&#xFF0C;&#x5E76;&#x5728;&#x4E0D;&#x540C;&#x7A0B;&#x5EA6;&#x4E0A;&#x5F71;&#x54CD;&#x7740;&#x5E7F;&#x5927;&#x975E;&#x57FA;&#x7763;&#x5F92;&#x7684;&#x793E;&#x4F1A;&#x751F;&#x6D3B;&#x3002;&#x6B64;&#x5916;&#xFF0C;&#x4ECE;19&#x5B9E;&#x9645;&#x4E0B;&#x534A;&#x53F6;&#x8D77;&#xFF0C;&#x57FA;&#x7763;&#x6559;&#x5728;&#x6211;&#x56FD;&#x4E5F;&#x9010;&#x6E10;&#x53D1;&#x6325;&#x7740;&#x4E0D;&#x53EF;&#x5FFD;&#x89C6;&#x7684;&#x4F5C;&#x7528;&#xFF0C;&#x76EE;&#x524D;&#xFF0C;&#x8FD9;&#x79CD;&#x4F5C;&#x7528;&#x6709;&#x589E;&#x65E0;&#x5DF2;&#x3002;

&#x7136;&#x800C;&#xFF0C;&#x8FDB;&#x51E0;&#x5341;&#x5E74;&#x6765;&#xFF0C;&#x6211;&#x4EEC;&#x5374;&#x5FFD;&#x89C6;&#x4E86;&#x4ECE;&#x6587;&#x5316;&#x77E5;&#x8BC6;&#x65B9;&#x9762;&#x5BF9;&#x57FA;&#x7763;&#x6559;&#x8FDB;&#x884C;&#x7814;&#x7A76;&#x4E0E;&#x4ECB;&#x7ECD;&#xFF0C;&#x81F4;&#x4F7F;&#x5927;&#x90E8;&#x5206;&#x4EBA;&#x5BF9;&#x5B83;&#x4E00;&#x77E5;&#x534A;&#x89E3;&#xFF0C;&#x751A;&#x81F3;&#x4E00;&#x65E0;&#x6240;&#x77E5;&#xFF0C;&#x7279;&#x522B;&#x662F;&#x9752;&#x5E74;&#x4EBA;&#x66F4;&#x662F;&#x5982;&#x6B64;&#x3002;&#x6211;&#x56FD;&#x7684;&#x6539;&#x9769;&#x5F00;&#x653E;&#x653F;&#x7B56;&#x6B63;&#x5728;&#x9010;&#x6B65;&#x6DF1;&#x5316;&#x3002;&#x6211;&#x4EEC;&#x7684;&#x4EFB;&#x52A1;&#x4E4B;&#x4E00;&#x662F;&#x9762;&#x5411;&#x4E16;&#x754C;&#xFF0C;&#x9762;&#x5411;&#x4E16;&#x754C;&#x5C31;&#x9700;&#x8981;&#x4E86;&#x89E3;&#x4E16;&#x754C;&#xFF0C;&#x8981;&#x4E86;&#x89E3;&#x897F;&#x65B9;&#x6587;&#x5316;&#xFF0C;&#x4E5F;&#x9700;&#x8981;&#x4E86;&#x89E3;&#x57FA;&#x7763;&#x6559;&#xFF0C;&#x638C;&#x63E1;&#x4E00;&#x4E9B;&#x5173;&#x4E8E;&#x57FA;&#x7763;&#x6559;&#x7684;&#x57FA;&#x672C;&#x77E5;&#x8BC6;&#x3002;&#x4E3A;&#x4E86;&#x8FD9;&#x4E2A;&#x7F18;&#x6545;&#xFF0C;&#x4E5F;&#x4EC5;&#x4EC5;&#x662F;&#x4E3A;&#x4E86;&#x8FD9;&#x4E2A;&#x7F18;&#x6545;&#xFF0C;&#x6211;&#x4EEC;&#x624D;&#x7F16;&#x5199;&#x4E86;&#x8FD9;&#x672C;&#x5C0F;&#x518C;&#x5B50;&#x3002;

&#x57FA;&#x7763;&#x6559;&#x662F;&#x4E2A;&#x201C;&#x5E9E;&#x7136;&#x5927;&#x7269;&#x201D;&#xFF0C;&#x9700;&#x8981;&#x4ECB;&#x7ECD;&#x7684;&#x65B9;&#x9762;&#x5F88;&#x591A;&#xFF0C;&#x4E0D;&#x53EF;&#x80FD;&#x5168;&#x90E8;&#x6D89;&#x53CA;&#xFF0C;&#x53EA;&#x80FD;&#x6311;&#x9009;&#x4E00;&#x4E9B;&#x6211;&#x4EEC;&#x8BA4;&#x4E3A;&#x91CD;&#x8981;&#x548C;&#x666E;&#x904D;&#x7684;&#x95EE;&#x9898;&#x5411;&#x8BFB;&#x8005;&#x4ECB;&#x7ECD;&#x3002;&#x8FD9;&#x5F53;&#x7136;&#x5E26;&#x6709;&#x4E00;&#x5B9A;&#x7684;&#x76F2;&#x76EE;&#x6027;&#xFF0C;&#x5C06;&#x6765;&#x5982;&#x6709;&#x673A;&#x4F1A;&#xFF0C;&#x6211;&#x4EEC;&#x5C06;&#x52A0;&#x4EE5;&#x8865;&#x5145;&#xFF0C;&#x4FFE;&#x4F7F;&#x8BFB;&#x8005;&#x80FD;&#x591F;&#x5C3D;&#x53EF;&#x80FD;&#x8BE6;&#x7EC6;&#x5730;&#x4E86;&#x89E3;&#x57FA;&#x7763;&#x6559;&#x7684;&#x5168;&#x8C8C;&#x3002;

&#x7531;&#x4E8E;&#x5B66;&#x529B;&#x548C;&#x8D44;&#x6599;&#x7684;&#x9650;&#x5236;&#xFF0C;&#x4E66;&#x4E2D;&#x96BE;&#x514D;&#x4F1A;&#x51FA;&#x73B0;&#x7F3A;&#x70B9;&#x6216;&#x9519;&#x8BEF;&#xFF0C;&#x6211;&#x4EEC;&#x5FE0;&#x5FC3;&#x5730;&#x5E0C;&#x671B;&#x8BFB;&#x8005;&#x6279;&#x8BC4;&#x6307;&#x6B63;&#x3002;</subfield>
  </datafield>
  <datafield tag="650" ind1=" " ind2=" ">
    <subfield code="a">Christianity -- Miscellanea.</subfield>
  </datafield>
  <datafield tag="650" ind1=" " ind2=" ">
    <subfield code="a">Christianity.</subfield>
  </datafield>
  <datafield tag="700" ind1=" " ind2=" ">
    <subfield code="a">&#x6587;&#x5EB8;</subfield>
  </datafield>
  <datafield tag="942" ind1=" " ind2=" ">
    <subfield code="2">ddc</subfield>
    <subfield code="c">CB</subfield>
  </datafield>
  <datafield tag="952" ind1=" " ind2=" ">
    <subfield code="0">0</subfield>
    <subfield code="1">0</subfield>
    <subfield code="4">0</subfield>
    <subfield code="7">0</subfield>
    <subfield code="a">GETS</subfield>
    <subfield code="b">GETS</subfield>
    <subfield code="c">GEN</subfield>
    <subfield code="d">2020-07-09</subfield>
    <subfield code="l">0</subfield>
    <subfield code="o">BR155 .Y838 2009</subfield>
    <subfield code="p">00000114</subfield>
    <subfield code="r">2020-07-09 00:00:00</subfield>
    <subfield code="w">2020-07-09</subfield>
    <subfield code="y">CB</subfield>
  </datafield>
  <datafield tag="999" ind1=" " ind2=" ">
    <subfield code="c">114</subfield>
    <subfield code="d">114</subfield>
  </datafield>
</record>
